00589 2200229 4500001002100000005001500021035002000036245005900056100002000115250001100135300002100146260004500167082000800212084001400220020002200234008004100256650001800297990001100315990001100326990001100337990001100348INLIS00000000000122020241223090254 a0010-01220000311 aEnglish Classics :bThe Jungle Book /cRudyard Kipling0 aRudyard Kipling acet. 2 a216 hlm ;c18 cm aJakarta :bGramedia Pustaka Utama,c2019 a823 a823 RUD e a978-602-481-218-8241223 0  4aNovel Inggris a002016 a002017 a003727 a003728